000 00377nam a2200145Ia 4500
008 231129s2001||||xx |||||||||||||| ||spa||
020 _a968-19-0902-X
040 _bspa
082 _aM863.6 A283m
100 _aAguilar Camí­n Héctor
245 0 _aLas mujeres de Adriano
260 _c2001
264 _aAlfaguara
942 _2ddc
_cBKS
999 _c18859
_d18859